| 000 | 01410nam a22003494a 4500 | ||
|---|---|---|---|
| 001 | vtls003190806 | ||
| 003 | MY-SjTCS | ||
| 005 | 20200306164121.0 | ||
| 006 | m u | ||
| 007 | cr cn||||||||| | ||
| 008 | 100712s2008 maua sb 001 0 eng | ||
| 010 | _z 2008-271648 | ||
| 020 | _z9781596931305 | ||
| 020 | _z1596931302 | ||
| 035 | _a(CaPaEBR)ebr10240790 | ||
| 039 | 9 |
_y201007121621 _zVLOAD |
|
| 040 |
_aCaPaEBR _cCaPaEBR |
||
| 050 | 1 | 4 |
_aTK5103.2 _b.B458 2008eb |
| 100 | 1 |
_aBensky, Alan, _d1939- _9245783 |
|
| 245 | 1 | 0 |
_aWireless positioning technologies and applications _h[electronic resource] / _cAlan Bensky. |
| 260 |
_aBoston, Mass. : _bArtech House, _cc2008. |
||
| 300 |
_axiv, 305 p. : _bill. ; _c27 cm. |
||
| 440 | 0 |
_aGNSS technology and applications series _9245784 |
|
| 504 | _aIncludes bibliographical references and index. | ||
| 529 | _aTSLHHL | ||
| 533 |
_aElectronic reproduction. _bPalo Alto, Calif. : _cebrary, _d2008. _nAvailable via World Wide Web. _nAccess may be limited to ebrary affiliated libraries. |
||
| 650 | 0 |
_aWireless communication systems. _9202398 |
|
| 650 | 0 |
_aAdaptive antennas. _922192 |
|
| 655 | 7 |
_aElectronic books. _2local _9201578 |
|
| 710 | 2 |
_aebrary, Inc. _925628 |
|
| 856 | 4 | 0 |
_uhttps://ezproxy.taylors.edu.my/login?url=http://site.ebrary.com/lib/taylorscollege/Doc?id=10240790 _zAn electronic book accessible through the World Wide Web; click to view |
| 999 | _c47786 | ||